1499 1339 1347 1693 1709 1008 1959 1248 1584 1781 1390 1446 1077 1302 1166 1979 1476 1335 1642 1115 1734 1080 1046 1686 1773 1559 1112 1336 1005 1668 1796 1838 1965 1093 1200 1958 1333 1627 1366 1010 1781 1302 1575 1083 1276 1753 1397 1342 1764 1968 1645 1899 1962 1358 1839 1467 1939 1513 1407 1094 1347 1755 1438 1104 1533 1165 1997 1155 1590 1286 1882 1048 1522 1334 1158 1612 1277 1248 1462 1917 1425 1172 1146 1379 1841 1165 1418 1544 1776 1869 1308 1438 1846 1299 1039 1303 1298 1887 1803 BCNSPRNW ULIB Ver.6.0+V

เปลี่ยนเป็นภาษาไทย

Change to English
 แสดงรายละเอียดบรรณานุกรม
  กลับหน้าหลัก

Brief Record : Get Marc (ISO 2709) : E-mail record : QR code < ปิดหน้าต่าง
LEADER : 00000nam 2200000uu 4500
001    13399108897
003     ULIB
008    110316s2544||||th 000 0 tha d
020    9741313888
060 04 WY26.5^bส674 2544
245 00 สารสนเทศทางการพยาบาลและทางสุขภาพ /^cวีณา จีระแพทย์,บรรณาธิการ
250    พิมพ์ครั้งที่ 1
260    [กรุงเทพฯ] :^bคณะพยาบาลศาสตร์ จุฬาลงกรณ์มหาวิทยาลัย,^c2544
300    255 หน้า :^bภาพประกอบ ;^c26 ซม.
504    บรรณานุกรม
650  2 Nursing
650  7 การพยาบาล
650  7 สารสนเทศทางการพยาบาล
700 0  วีณา จีระแพทย์,^eบรรณาธิการ
710 2  จุฬาลงกรณ์มหาวิทยาลัย. ^bคณะพยาบาลศาสตร์
945    ^p220^l0^i014429
945    ^p220^l0^i014428
945    ^p220^l0^i014427
945    ^p220^l0^i014425
945    ^p220^l0^i014424
945    ^p220^l0^i014423
945    ^p220^l0^i014421
945    ^p220^l0^i014420
945    ^p220^l0^i014426
945    ^p220^l0^i014422
995    เกษร
999 ^a ใช้งานได้ทุกระบบ
รายการนี้ยังไม่มีแท็ก
คุณยังไม่ได้ล็อกอิน คุณสามารถมีกิจกรรมร่วมกับเว็บไซต์ได้ แต่ต้องล็อกอินก่อน ::
  ล็อกอิน

รายการสื่อสารสนเทศ

ลำดับที่ ประเภท เลขเรียก/บาร์โค้ด สถานที่ สถานะ
- ไม่พบข้อมูล -

รายการใกล้เคียง
    หัวเรื่อง [Nursing]
    หัวเรื่อง [การพยาบาล]
    หัวเรื่อง [สารสนเทศทางการพยาบาล]

BibComment


ยังไม่เคยถูกคอมเมนท์

คอมเมนท์ทรัพยากรรายการนี้
  คอมเมนท์: สารสนเทศทางการพยา..


 Copyright 2026. Bcnsprnw @Library